| 000 | 01073cab a2200289 4500 | ||
|---|---|---|---|
| 001 | ABS51032 | ||
| 008 | 090401t1994 xxu||||| |||| 00| 0 eng d | ||
| 035 | _a(Sirsi) u5917 | ||
| 041 | _aeng | ||
| 100 | _aBlyth, A. | ||
| 245 | _aSpecial report - energy efficiency | ||
| 260 | _c1994 | ||
| 350 | _a0 | ||
| 490 |
_aArchitects` Journal _v200(2) 13 July 1994, 23-30(6) |
||
| 520 | _aDiscusses the new version of Part L of the Building Regulations, reviews the latest BRECSU guides on energy efficiency in new housing, addresses issues relating to energy efficiency in dwellings, looks at the effectiveness of the Energy Design Advice Scheme, and focuses on energy-efficient design at the FutureWorld exhibition. | ||
| 650 | _aBRECSU | ||
| 650 | _aBUILDING REGULATIONS: PART L | ||
| 650 | _aENERGY DESIGN ADVICE SCHEME | ||
| 650 | _aENERGY EFFICIENCY | ||
| 650 | _aLOW-ENERGY HOUSES | ||
| 690 | _aBUILDING AND CONSTRUCTION-ENERGY CONSERVATION | ||
| 700 | _aTurrent, D. | ||
| 700 | _aOstler, T. | ||
| 700 | _aYoung, A. | ||
| 942 | _n0 | ||
| 948 | _c04/03/1997 | ||
| 999 |
_c3543 _d3543 |
||